000 01462cam a2200409 a 4500
001 16156786
003 OSt
005 20251125071256.0
008 100326s2009 nyua c 000 0 eng d
010 _a 2010275986
020 _a9780545133616
020 _a0545133610
035 _a16156786
035 _a(OCoLC)369144883
040 _aBTCTA
_cBTCTA
_dFST
_dDLC
042 _alccopycat
050 0 0 _aLB1050.377
_b.R53 2009
082 0 0 _a372.41/62
_222
100 1 _aRichardson, Jan.
245 1 4 _aThe next step in guided reading :
_bfocused assessments and targeted lessons for helping every student become a better reader /
_cJan Richardson.
260 _aNew York :
_bScholastic Inc.,
_cc2009.
300 _a288 p. :
_bill. ;
_c28 cm.
336 _atext
_btxt
_2rdacontent
337 _aunmediated
_bn
_2rdamedia
338 _avolume
_bnc
_2rdacarrier
500 _aGrades K-8.
650 0 _aGuided reading.
650 0 _aReading (Primary)
650 0 _aReading (Elementary)
650 0 _aReading (Middle school)
856 4 2 _3Contributor biographical information
_uhttp://www.loc.gov/catdir/enhancements/fy1402/2010275986-b.html
856 4 2 _3Publisher description
_uhttp://www.loc.gov/catdir/enhancements/fy1402/2010275986-d.html
906 _a7
_bcbc
_ccopycat
_d2
_encip
_f20
_gy-gencatlg
942 _2lcc
_cBK
999 _c265328
_d265327